000 00434nam a2200169Ia 4500
003 GCL
008 140319s9999 xx 000 0 eng d
040 _aGCL /
_cGCL
082 0 4 _a615
_bK P
100 1 _aJOSEPH
245 1 0 _aPHORMACOLOGY : 700 QUESTION AND ANSWERS /
_cJOSEPH
700 1 _aKRZONOWSKI, J.
260 _a[S.N] :
_bMEPC - APPLETOND AND LONGE ،
_c1996
300 _a267
650 0 4 _aPHARMACOLOGY
942 _2ddc
_cBK
999 _c10863
_d10863